Character Animation Crash Course (Record no. 3038)

000 -LEADER
fixed length control field 00365ngm a2200145Ia 4500
008 - FIXED-LENGTH DATA ELEMENTS--GENERAL INFORMATION
fixed length control field 180904s9999||||xx ||| | || ||und||
020 ## - INTERNATIONAL STANDARD BOOK NUMBER
International Standard Book Number 9781879505971
082 ## - DEWEY DECIMAL CLASSIFICATION NUMBER
Classification number 791.433
Item number CGO/C
100 ## - MAIN ENTRY--PERSONAL NAME
Personal name Cgoldberg, Eric
245 #0 - TITLE STATEMENT
Title Character Animation Crash Course
260 ## - PUBLICATION, DISTRIBUTION, ETC.
Place of publication, distribution, etc. Los Angeles
Name of publisher, distributor, etc. Silman/James
Date of publication, distribution, etc. 2008
300 ## - PHYSICAL DESCRIPTION
Extent 218p.
700 ## - ADDED ENTRY--PERSONAL NAME
Personal name Bird, Brad
942 ## - ADDED ENTRY ELEMENTS (KOHA)
Koha item type DVD Library
Holdings
Withdrawn status Lost status Damaged status Not for loan Collection code Permanent Location Current Location Date acquired Cost, normal purchase price Barcode Date last seen Price effective from Koha item type
        School of Animation (Noida) MUIT-NOIDA MUIT-NOIDA 2018-09-04 1795.00 DVD00070 2018-09-04 2018-09-04 DVD Library

All Rights Reserved@MUIT

Powered by Koha